000 01180nam a2200361 a 4500
001 vtls000013512
003 NLI
005 20210601181536.0
008 101125s1997 enkab f 001 0 eng
020 _a007043302X
_c$ 84.95
039 9 _y201011250106
_zVLOAD
040 0 _aNLI
_beng
_cVERGIS-2003
041 0 _aeng
044 _aenk
082 0 4 _a627.86
100 1 _aMarris, Gregory L.
_952019
245 0 0 _aReservoir sedimentation handbook:
_bdesign and management of dams, reservoirs and watersheds for sustainable use/
_cGregory L. Morris and Jiahua Fan
260 _aNew York:
_bMcGraw-Hill,
_cc1997
300 _a[various pagings]:
_bill., maps;
_c23 cm.
504 _aIncludes bibliographical references and index
650 0 _aReservoir sedimentation
_vHandbooks, manuals, etc.
_952020
650 0 _aSedimentation and deposition
_952021
700 1 _aFan, Jiahua,
_4jt.aut
_952022
887 _aS. Chithiraivel
901 _a531852
902 _aE 627.86 M 832
903 _a03/03/2004
904 _aS. Chithiraivel
906 _a012430
949 _AVIRTUAITEM
_D10000
_F1
_X100
_6PUR000531852ENG
_aE 627.86 M832
942 _2ddc
_cBKS
999 _c19099
_d19099